Mr. Men by picture Quiz Stats

 Plays Quiz not verified by Sporcle

Challenge
Share
Tweet
Score 0/47 Timer 10:00
0 Plays Today
Mister Name % Correct
3 Mr. / Unser Herr / Monsieur / Don / Meneer / Fætter / Gubben / SenhorHappy
75.2%
1 Mr. / Unser Herr / Monsieur / Don / Meneertje / Fætter / Gubben / SenhorTickle
53.4%
7 Mr. / Unser Herr / Monsieur / MeneerSnow
51.1%
2 Mr. / Unser Herr / Monsieur / Don / Meneer / Fætter / GubbenGreedy
45.1%
31 Mr. / Unser Herr / Monsieur / DonTall
45.1%
6 Mr. / Unser Herr / Monsieur / Don / Meneer / Senhor / FætterBump
44.7%
12 Mr. / Unser Herr / Monsieur / Don / Meneer / Fætter / SenhorSmall
42.5%
4 Mr. / Unser Herr / Monseiur / Don / Meneer / Fætter / Gubben / SenhorNosey
41.7%
8 Mr. / Unser Herr / Monsieur / Don / Meneer / Fætter / SenhorMessy
41.4%
27 Mr. / Unser Herr / Monsieur / Don / SenhorGrumpy
35.3%
5 Mr. / Unser Herr Monsieur / Don / Meneer / Fætter / SenhorSneeze
34.2%
17 Mr. / Unser Herr / Monsieur / Don / Meneer / Fætter / SenhorLazy
33.5%
16 Mr. / Unser Herr / Monsieur / Don / Meneer / Fætter / SenhorNoisy
30.1%
26 Mr. / Unser Herr / Monsieur / Don / Meneertje / Fætter / Gubben / SenhorStrong
30.1%
15 Mr. / Unser Herr / Monsieur / Don / Meneer / SenhorJelly
29.7%
18 Mr. / Unser Herr / Monsieur / Don / Meneer / SenhorFunny
29.3%
10 Mr. / Unser Herr / Monsieur / Don / Meneer / Fætter / SenhorSilly
28.9%
11 Mr. / Unser Herr / Monsieur / Don / Meneer / Fætter / SenhorUppity
28.2%
22 Mr. / Unser Herr / Monsieur / Don / Meneer / SenhorBounce
28.2%
37 Mr. / Unser Herr / Monsieur / DonClever
27.4%
30 Mr. / Unser Herr / Monsieur / DonRush
25.6%
39 Mr. / Unser Herr / Monsieur / Don / FætterSlow
25.6%
35 Mr. / Unser Herr / Monsieur / FætterSkinny
25.2%
29 Mr. / Unser Herr / Monsieur / Don / SenhorQuiet
24.4%
Mister Name % Correct
13 Mr. / Unser Herr / Monsieur / Don / Meneer / Fætter / GubbenDaydream
24.1%
20 Mr. / Unser Herr / Monsieur / Don / Meneer / SenhorChatterbox
24.1%
9 Mr. / Unser Herr / Monsieur / Don / Meneer / FætterTopsy-Turvey
23.3%
14 Mr. / Unser Herr / Monsieur / Don / Meneer / Fætter / SenhorForgetful
21.4%
42 Mr. / Monsieur / SenhorPerfect
21.4%
19 Mr. / Unser Herr / Monsieur / Don / Meneer / SenhorMean
20.3%
32 Mr. / Unser Herr / Monsieur / DonWorry
20.3%
33 Mr. / Unser Herr / MonsieurNonsense
19.9%
36 Mr. / Unser Herr / Monsieur / SenhorMischief
19.9%
21 Mr. / Unser Herr / Monsieur / Meneer / SenhorFussy
19.5%
25 Mr. / Unser Herr / Monsieur / Meneer / SenhorImpossible
18.4%
23 Mr. / Unser Herr / Monsieur / Don / MeneerMuddle
17.7%
34 Mr. / Unser Herr / Monsieur / FætterWrong
16.9%
28 Mr. / Unser Herr / Monsieur / Don / FætterClumsy
16.5%
38 Mr. / Unser Herr / Monsieur / Don / MeenertjeBusy
16.5%
44 Mr. / MonsieurCool
16.2%
45 Mr. / Monsieur / SenhorRude
16.2%
24 Mr. / Unser Herr / Monsieur / Meneer / Fætter / Senhor / domnulDizzy
15.4%
43 Mr. / Monsieur / MeenertjeCheerful
14.7%
46 Mr. / Monsieur / SenhorGood
13.5%
47 Mr. Nobody
13.5%
40 Mr. / MonsieurBrave
12.8%
41 Mr. / Monsieur / SenhorGrumble
12%

You're not logged in!

Compare scores with friends on all Sporcle quizzes.
Join for Free
OR
Log In

You Might Also Like...

Show Comments

Extras

Top Quizzes Today


Score Distribution

Your Account Isn't Verified!

In order to create a playlist on Sporcle, you need to verify the email address you used during registration. Go to your Sporcle Settings to finish the process.

Report this User

Report this user for behavior that violates our Community Guidelines.

Details: